| 000 | 01570nam a2200253Ia 4500 | ||
|---|---|---|---|
| 999 |
_c55683 _d55683 |
||
| 001 | 22778 | ||
| 003 | GE_BSU | ||
| 005 | 20230519105127.0 | ||
| 008 | 181216s ||||ge |||||||||||||| ||geo|| | ||
| 020 | _a9789941229718 | ||
| 040 | _cGE_BSU | ||
| 041 | _ageo | ||
| 080 | _a821.112.2-1 ა-38 | ||
| 100 |
_aაიხი, გიუნტერ _918133 |
||
| 245 |
_aწვიმის უწყებანი : _bლექსები / _cგიუნტერ აიხი ; გერმანულიდან თარგმნა დათო ბარბაქაძემ. |
||
| 264 |
_aთბილისი : _bუნივერსალი, _c2017. |
||
| 300 |
_a110 გვ. ; _c14 სმ. |
||
| 500 | _aგამოცემა წარმოადგენს 2015 წელს განხორციელებული ორეგზემპლარიანი კერძო გამოცემის მცირეფორმატიან, უცვლელ გამეორებას | ||
| 520 | _aგამოცემა წარმოადგენს 2015 წელს განხორციელებული ორეგზემპლარიანი კერძო გამოცემის მცირეფორმატიან, უცვლელ გამეორებას. | ||
| 541 | _h2 ლ. | ||
| 653 | _aწვიმის უწყებანი : ლექსები | ||
| 700 |
_aბარბაქაძე, დათო _eმთარგმნელი _918134 |
||
| 942 |
_cBK _2udc |
||